[Event "Mistrovstvi Cech 2019 - FIDE"]
[Site "?"]
[Date "2019.10.30"]
[Round "6.4"]
[White "Hlavacek, Tomas"]
[Black "Holasek, Pavel"]
[Result "0-1"]
[BlackElo "2120"]
[WhiteElo "2157"]
[LiveChessVersion "1.4.8"]

1. d4 {[%clk 1:30:57]} d5 {[%clk 1:30:49]} 2. Nf3 {[%clk 1:31:18]} e6
{[%clk 1:31:10]} 3. e3 {[%clk 1:31:27]} Nf6 {[%clk 1:31:31]} 4. Bd3
{[%clk 1:31:06]} Bd6 {[%clk 1:30:49]} 5. O-O {[%clk 1:31:25]} O-O
{[%clk 1:31:12]} 6. a3 {[%clk 1:30:49]} b6 {[%clk 1:30:50]} 7. Qe2
{[%clk 1:29:16]} Bb7 {[%clk 1:29:48]} 8. Nbd2 {[%clk 1:28:56]} c5
{[%clk 1:26:29]} 9. c3 {[%clk 1:26:02]} Nbd7 {[%clk 1:19:02]} 10. e4
{[%clk 1:23:16]} e5 {[%clk 1:12:43]} 11. dxe5 {[%clk 1:11:25]} Nxe5
{[%clk 1:12:44]} 12. Nxe5 {[%clk 1:10:17]} Bxe5 {[%clk 1:12:57]} 13. f4
{[%clk 1:07:32]} dxe4 {[%clk 1:12:03]} 14. Nxe4 {[%clk 1:06:04]} Bc7
{[%clk 0:57:25]} 15. Nxf6+ {[%clk 1:02:08]} Qxf6 {[%clk 0:56:12]} 16. Be3
{[%clk 0:57:21]} Rfe8 {[%clk 0:54:56]} 17. Rae1 {[%clk 0:55:59]} Re7
{[%clk 0:49:54]} 18. Qf2 {[%clk 0:45:54]} Qc6 {[%clk 0:43:09]} 19. c4
{[%clk 0:37:33]} Rae8 {[%clk 0:42:05]} 20. Bd2 {[%clk 0:36:06]} Rxe1
{[%clk 0:41:28]} 21. Rxe1 {[%clk 0:35:12]} Rxe1+ {[%clk 0:41:47]} 22. Bxe1
{[%clk 0:35:37]} Bxf4 {[%clk 0:41:41]} 23. Bf1 {[%clk 0:35:27]} Qh6
{[%clk 0:40:01]} 24. Qh4 {[%clk 0:32:19]} Be3+ {[%clk 0:38:05]} 25. Kh1
{[%clk 0:32:40]} Qxh4 {[%clk 0:38:22]} 26. Bxh4 {[%clk 0:33:09]} Bc1
{[%clk 0:38:40]} 27. Be1 {[%clk 0:30:48]} Bxb2 {[%clk 0:37:56]} 28. a4
{[%clk 0:31:17]} f5 {[%clk 0:34:33]} 29. a5 {[%clk 0:30:14]} bxa5
{[%clk 0:34:01]} 30. Bxa5 {[%clk 0:30:42]} Kf7 {[%clk 0:33:56]} 31. Be2
{[%clk 0:31:11]} Bd4 {[%clk 0:33:03]} 32. h3 {[%clk 0:31:00]} Ke6
{[%clk 0:29:15]} 33. Kh2 {[%clk 0:31:24]} Bf2 {[%clk 0:29:35]} 34. g3
{[%clk 0:31:03]} g5 {[%clk 0:28:07]} 35. Bd3 {[%clk 0:31:06]} h6 {[%clk 0:25:32]}
36. Bd2 {[%clk 0:30:44]} Ke5 {[%clk 0:24:47]} 37. Bc3+ {[%clk 0:31:03]} Bd4
{[%clk 0:25:10]} 38. Bd2 {[%clk 0:31:30]} Be4 {[%clk 0:19:50]} 39. Be2
{[%clk 0:31:43]} Bc2 {[%clk 0:19:58]} 40. Kg2 {[%clk 0:30:23]} Ke4
{[%clk 0:19:35]} 41. Bc1 {[%clk 0:29:37]} a5 {[%clk 0:18:42]} 42. h4
{[%clk 0:30:01]} Be3 {[%clk 0:17:17]} 43. Bb2 {[%clk 0:30:20]} gxh4
{[%clk 0:16:35]} 44. gxh4 {[%clk 0:30:18]} Bd3 {[%clk 0:16:22]} 45. Bd1
{[%clk 0:29:25]} Bd4 {[%clk 0:15:57]} 46. Bc1 {[%clk 0:29:27]} f4
{[%clk 0:15:52]} 47. Bd2 {[%clk 0:29:45]} a4 {[%clk 0:15:35]} 48. Bxa4
{[%clk 0:29:14]} f3+ {[%clk 0:15:55]} 49. Kg3 {[%clk 0:29:05]} f2
{[%clk 0:15:09]} 50. Bc6+ {[%clk 0:29:31]} Kf5 {[%clk 0:15:14]} 51. Bg2
{[%clk 0:29:29]} h5 {[%clk 0:15:29]} 52. Bh3+ {[%clk 0:29:03]} Kg6
{[%clk 0:15:41]} 53. Kf4 {[%clk 0:26:16]} f1=Q+ {[%clk 0:15:15]} 54. Bxf1
{[%clk 0:26:38]} Bxf1 {[%clk 0:15:42]} 55. Ke4 {[%clk 0:26:39]} Bxc4
{[%clk 0:16:02]} 0-1

[Event "Mistrovstvi Cech 2019 - FIDE"]
[Site "?"]
[Date "2019.10.30"]
[Round "6.5"]
[White "Zizka, Petr"]
[Black "Holasek, Vojtech"]
[Result "0-1"]
[BlackElo "1905"]
[WhiteElo "2128"]
[LiveChessVersion "1.4.8"]

1. b3 {[%clk 1:29:09]} d5 {[%clk 1:30:12]} 2. Bb2 {[%clk 1:29:32]} c5
{[%clk 1:30:09]} 3. e3 {[%clk 1:29:54]} Nf6 {[%clk 1:30:24]} 4. f4
{[%clk 1:30:18]} g6 {[%clk 1:30:31]} 5. Nf3 {[%clk 1:30:39]} Bg7 {[%clk 1:30:52]}
6. Be2 {[%clk 1:27:25]} O-O {[%clk 1:30:59]} 7. O-O {[%clk 1:27:42]} Nc6
{[%clk 1:30:45]} 8. Ne5 {[%clk 1:27:37]} Bf5 {[%clk 1:30:04]} 9. Nxc6
{[%clk 1:26:26]} bxc6 {[%clk 1:30:25]} 10. d3 {[%clk 1:26:39]} c4
{[%clk 1:30:01]} 11. bxc4 dxc4 {[%clk 1:29:35]} 12. Kh1 {[%clk 1:06:24]} Qb6
{[%clk 1:27:54]} 13. Qc1 {[%clk 1:03:13]} Ng4 {[%clk 1:23:42]} 14. Bxg7
{[%clk 1:01:45]} Kxg7 {[%clk 1:24:05]} 15. d4 {[%clk 0:57:18]} Rab8
{[%clk 1:18:39]} 16. Na3 {[%clk 0:46:24]} Qb2 {[%clk 1:16:33]} 17. Nxc4
{[%clk 0:38:55]} Qxc1 {[%clk 1:16:37]} 18. Raxc1 {[%clk 0:38:17]} Rb4
{[%clk 1:16:31]} 19. Bxg4 {[%clk 0:36:50]} Bxg4 {[%clk 1:16:47]} 20. Ne5
{[%clk 0:36:50]} Bf5 {[%clk 1:14:54]} 21. Nxc6 {[%clk 0:32:01]} Rb2
{[%clk 1:14:54]} 22. Rf2 {[%clk 0:24:40]} Be4 {[%clk 1:14:45]} 23. d5
{[%clk 0:19:41]} Bxd5 {[%clk 1:14:41]} 24. Nd4 {[%clk 0:16:57]} Rxa2
{[%clk 1:14:16]} 25. Kg1 {[%clk 0:16:42]} Rc8 {[%clk 1:12:46]} 26. f5
{[%clk 0:16:34]} a5 {[%clk 1:12:05]} 27. fxg6 {[%clk 0:14:23]} hxg6
{[%clk 1:12:30]} 28. c3 {[%clk 0:08:37]} a4 {[%clk 1:12:00]} 29. Rxa2
{[%clk 0:07:08]} Bxa2 {[%clk 1:12:28]} 30. Nb5 {[%clk 0:06:50]} Kf6
{[%clk 1:07:38]} 31. Na3 {[%clk 0:05:07]} Ke5 {[%clk 1:07:26]} 32. c4
{[%clk 0:05:08]} Kd6 {[%clk 1:06:55]} 33. Nb5+ {[%clk 0:02:15]} Kc5
{[%clk 1:06:31]} 34. Nc3 {[%clk 0:01:31]} Bb3 {[%clk 1:06:48]} 35. Ne4+
{[%clk 0:01:03]} Kb4 {[%clk 1:06:53]} 36. c5 {[%clk 0:00:45]} f5 {[%clk 1:07:13]}
0-1

[Event "Mistrovstvi Cech 2019 - FIDE"]
[Site "?"]
[Date "2019.10.30"]
[Round "6.6"]
[White "Polansky, Adam Lubos"]
[Black "Hlavac, Rudolf"]
[Result "0-1"]
[BlackElo "1957"]
[WhiteElo "2039"]
[LiveChessVersion "1.4.8"]

1. d4 d5 2. c4 dxc4 3. Nf3 Nf6 4. g3 c6 5. Bg2 Nbd7 6. O-O g6 7. Qc2 Nb6 8. Nbd2
Bg7 9. Nxc4 Bf5 10. Qc3 Nfd5 11. Qb3 Nxc4 12. Qxc4 Be4 13. Rd1 O-O 14. Bf4 Nxf4
15. gxf4 Qd6 16. Ne5 Bxg2 17. Kxg2 Rad8 18. Rac1 e6 19. e3 Qe7 20. Qe2 Rd6 21.
Rd3 Rfd8 22. Ra3 a6 23. Rb3 Bxe5 24. fxe5 Rxd4 25. Rxb7 Qg5+ 26. Kf1 Rg4 27. Qf3
Rg1+ 28. Ke2 f5 29. h4 Qxh4 30. Rxc6 Rgd1 31. Rc2 Qc4+ 0-1

[Event "Mistrovstvi Cech 2019 - FIDE"]
[Site "?"]
[Date "2019.10.30"]
[Round "6.8"]
[White "Pise, Jiri"]
[Black "Kotva, Milan"]
[Result "0-1"]
[BlackElo "1906"]
[WhiteElo "1775"]
[LiveChessVersion "1.4.8"]

1. e4 {[%clk 1:30:57]} e5 {[%clk 1:30:54]} 2. Nf3 {[%clk 1:31:23]} Nc6
{[%clk 1:31:17]} 3. Bb5 {[%clk 1:31:48]} a6 {[%clk 1:31:38]} 4. Ba4
{[%clk 1:32:10]} Nf6 {[%clk 1:31:52]} 5. O-O {[%clk 1:32:22]} b5 {[%clk 1:32:05]}
6. Bb3 {[%clk 1:32:45]} Be7 {[%clk 1:32:11]} 7. Re1 {[%clk 1:33:05]} O-O
{[%clk 1:32:31]} 8. c3 {[%clk 1:33:27]} d5 {[%clk 1:32:37]} 9. exd5
{[%clk 1:32:18]} Nxd5 {[%clk 1:32:44]} 10. d4 {[%clk 1:31:10]} exd4
{[%clk 1:30:20]} 11. Nxd4 {[%clk 1:29:58]} Nxd4 {[%clk 1:30:08]} 12. Qxd4
{[%clk 1:27:36]} Bb7 {[%clk 1:23:47]} 13. Nd2 {[%clk 1:25:02]} Bf6
{[%clk 1:23:57]} 14. Qg4 {[%clk 1:23:45]} Re8 {[%clk 1:13:21]} 15. Rxe8+
{[%clk 1:07:39]} Qxe8 {[%clk 1:13:40]} 16. Ne4 {[%clk 1:07:33]} Be7
{[%clk 0:58:46]} 17. Bh6 {[%clk 0:50:27]} Qf8 {[%clk 0:58:40]} 18. Qg3
{[%clk 0:37:47]} Kh8 {[%clk 0:56:24]} 19. Bf4 {[%clk 0:33:48]} c5 20. Re1
{[%clk 0:30:26]} c4 {[%clk 0:38:42]} 21. Bc2 {[%clk 0:29:30]} Re8
{[%clk 0:35:28]} 22. h3 {[%clk 0:26:34]} Nxf4 {[%clk 0:33:53]} 23. Qxf4
{[%clk 0:25:47]} Bd6 {[%clk 0:29:29]} 24. Qd2 {[%clk 0:20:28]} Qe7
{[%clk 0:22:04]} 25. Kf1 {[%clk 0:17:40]} Bc7 {[%clk 0:15:58]} 26. f3
{[%clk 0:14:34]} Qd8 {[%clk 0:11:53]} 27. Qxd8 {[%clk 0:11:50]} Bxd8
{[%clk 0:11:35]} 28. Rd1 {[%clk 0:11:31]} Bb6 {[%clk 0:06:22]} 29. Rd7
{[%clk 0:10:00]} Bc8 {[%clk 0:05:00]} 30. Rd6 {[%clk 0:07:20]} Bc7
{[%clk 0:04:46]} 31. Rd1 {[%clk 0:06:19]} f5 {[%clk 0:04:39]} 32. Nd6
{[%clk 0:06:01]} Bxd6 {[%clk 0:04:33]} 33. Rxd6 {[%clk 0:06:26]} g6
{[%clk 0:04:53]} 34. a4 {[%clk 0:05:49]} Kg8 {[%clk 0:04:35]} 35. axb5
{[%clk 0:05:23]} axb5 {[%clk 0:04:58]} 36. Rb6 {[%clk 0:05:29]} Re5
{[%clk 0:04:02]} 37. Rb8 {[%clk 0:05:36]} Rc5 {[%clk 0:04:19]} 38. Kf2
{[%clk 0:05:08]} f4 {[%clk 0:02:40]} 39. Be4 {[%clk 0:05:06]} Kf7
{[%clk 0:02:49]} 40. Rb6 {[%clk 0:05:04]} Bd7 {[%clk 0:02:46]} 41. Rd6
{[%clk 0:04:41]} Ke7 {[%clk 0:02:49]} 42. Ra6 {[%clk 0:04:12]} b4
{[%clk 0:02:43]} 43. Rb6 {[%clk 0:03:19]} bxc3 {[%clk 0:03:07]} 44. bxc3
{[%clk 0:03:42]} Ra5 {[%clk 0:03:20]} 45. Rb2 {[%clk 0:03:07]} Ra3
{[%clk 0:03:22]} 46. Rc2 {[%clk 0:03:11]} Ba4 {[%clk 0:03:39]} 47. Rc1
{[%clk 0:03:22]} Ra2+ {[%clk 0:03:56]} 48. Kf1 {[%clk 0:03:31]} Ra3
{[%clk 0:03:43]} 49. Bd5 {[%clk 0:03:11]} Bb3 {[%clk 0:03:38]} 50. Be4
{[%clk 0:02:22]} Kd6 {[%clk 0:03:55]} 51. Kg1 {[%clk 0:01:59]} Ra2
{[%clk 0:04:12]} 52. Kf1 {[%clk 0:01:36]} Kc5 {[%clk 0:04:35]} 53. Re1
{[%clk 0:01:12]} Bc2 {[%clk 0:03:37]} 54. Re2 {[%clk 0:00:57]} Ra1+
{[%clk 0:03:52]} 55. Re1 {[%clk 0:00:52]} Rxe1+ {[%clk 0:03:26]} 56. Kxe1
{[%clk 0:01:17]} Bxe4 {[%clk 0:03:07]} 57. fxe4 {[%clk 0:01:41]} Kd6
{[%clk 0:03:17]} 58. Kf2 {[%clk 0:01:55]} Ke5 {[%clk 0:03:44]} 59. Kf3
{[%clk 0:01:26]} g5 {[%clk 0:04:11]} 60. Kf2 {[%clk 0:01:46]} Kxe4
{[%clk 0:04:31]} 61. Ke2 {[%clk 0:02:11]} h5 {[%clk 0:04:22]} 62. Kd2
{[%clk 0:02:17]} f3 {[%clk 0:04:39]} 63. g3 {[%clk 0:02:24]} g4 {[%clk 0:04:52]}
64. h4 {[%clk 0:02:26]} f2 {[%clk 0:04:59]} 65. Ke2 {[%clk 0:02:49]} f1=Q+
{[%clk 0:05:13]} 66. Kxf1 {[%clk 0:03:07]} Kf3 {[%clk 0:05:35]} 0-1

[Event "Narodni Open 2019"]
[Site "?"]
[Date "2019.10.30"]
[Round "6.4"]
[White "Bruna, Matous"]
[Black "Novak, David"]
[Result "1-0"]
[WhiteElo "1617"]
[BlackElo "1158"]
[PlyCount "69"]
[SourceVersionDate "2019.10.30"]

1. e4 e6 2. d4 d5 3. exd5 exd5 4. Bd3 Nf6 5. h3 c5 6. c3 Nc6 7. Nf3 Qb6 8. Bc2
Bd6 9. Qe2+ Be6 10. dxc5 Bxc5 11. O-O O-O 12. Nbd2 Rae8 13. Qd1 Bd6 14. Nb3 Qc7
15. Nbd4 Nxd4 16. Nxd4 Bd7 17. Qf3 Ne4 18. Bb3 Bc6 19. Be3 Be5 20. Rad1 Bxd4
21. Rxd4 Rd8 22. Rfd1 Qe5 23. Bf4 Qf5 24. c4 Nf6 25. g4 Qc8 26. cxd5 Bb5 27.
Rc1 Qd7 28. Rc7 Qe8 29. g5 Qe1+ 30. Kh2 Be2 31. Qe3 Rfe8 32. Rc1 Qa5 33. Bc7
Qxc7+ 34. Rxc7 Rxe3 35. fxe3 1-0

[Event "Narodni Open 2019"]
[Site "?"]
[Date "2019.10.30"]
[Round "6.5"]
[White "Bulva, Frantisek"]
[Black "Jodas, Daniel"]
[Result "1/2-1/2"]
[WhiteElo "1575"]
[BlackElo "1716"]
[PlyCount "58"]
[SourceVersionDate "2019.10.30"]

1. e4 c5 2. Nf3 e6 3. d4 cxd4 4. Nxd4 d6 5. Nc3 Nf6 6. Be2 Be7 7. Be3 O-O 8.
Qd2 Nc6 9. Rd1 a6 10. O-O Bd7 11. f4 Nxd4 12. Bxd4 Bc6 13. Bf3 b5 14. e5 Bxf3
15. exf6 Bxd1 16. fxe7 Qxe7 17. Rxd1 Rac8 18. a3 Rc6 19. g3 Rfc8 20. Bf2 d5 21.
Qe2 Qb7 22. Rd4 h6 23. Rb4 R8c7 24. Bd4 Rc4 25. Qe5 f6 26. Qxe6+ Kh8 27. Nxd5
Rxc2 28. Qe8+ Kh7 29. Qe4+ Kh8 1/2-1/2

[Event "Narodni Open 2019"]
[Site "?"]
[Date "2019.10.30"]
[Round "6.3"]
[White "Rezac, Josef"]
[Black "Kurek, Pavel"]
[Result "1/2-1/2"]
[WhiteElo "1520"]
[BlackElo "1789"]
[PlyCount "72"]
[SourceVersionDate "2019.10.30"]

1. c4 e5 2. g3 Nf6 3. Bg2 d5 4. cxd5 Nxd5 5. Nc3 Be6 6. Nf3 Nc6 7. O-O Bc5 8.
d3 f6 9. Nxd5 Bxd5 10. Qc2 Bb6 11. Be3 Bxe3 12. fxe3 O-O 13. a3 Qd6 14. Nd2
Bxg2 15. Kxg2 Qd5+ 16. Kg1 Rad8 17. Qb3 Qxb3 18. Nxb3 Rd5 19. Rab1 Rb5 20. Nd2
a5 21. Ne4 Rd8 22. Nc3 Rb3 23. Rfc1 f5 24. Na4 Kf7 25. Nc5 Rb5 26. Nxb7 Rxb7
27. Rxc6 Rdb8 28. b4 Ke7 29. Rc5 axb4 30. Rxb4 Rxb4 31. axb4 Kd6 32. Rc4 g5 33.
h4 h6 34. d4 Rb5 35. Kf2 c6 36. Kg2 Kd5 1/2-1/2

[Event "Narodni Open 2019"]
[Site "?"]
[Date "2019.10.30"]
[Round "6.1"]
[White "Blazek, Tomas"]
[Black "Seterle, Matej"]
[Result "1/2-1/2"]
[WhiteElo "1592"]
[BlackElo "1674"]
[PlyCount "83"]
[SourceVersionDate "2019.10.30"]

1. e4 c5 2. Nf3 d6 3. d4 cxd4 4. Nxd4 Nf6 5. Nc3 a6 6. Bd3 e5 7. Nb3 Be6 8. O-O
Be7 9. f4 Qc7 10. Be3 Nbd7 11. f5 Bc4 12. Rc1 d5 13. Bxc4 dxc4 14. Nd2 O-O 15.
g4 Bc5 16. Bf2 h6 17. h4 Nh7 18. Kg2 Ndf6 19. Kh3 Rad8 20. Qe2 b5 21. Nf3 Bxf2
22. Rxf2 b4 23. Nd1 Qc5 24. Rg2 c3 25. b3 h5 26. Nf2 hxg4+ 27. Nxg4 Nxg4 28.
Rxg4 f6 29. Rcg1 Rf7 30. R1g3 a5 31. h5 Qc7 32. Qa6 Qd6 33. Qc4 Kf8 34. h6 Ng5+
35. Nxg5 fxg5 36. hxg7+ Rxg7 37. Rd3 Qh6+ 38. Kg3 Rxd3+ 39. Qxd3 Ke7 40. Qd5
Qd6 41. Qxa5 Qd4 42. Qb5 1/2-1/2

[Event "Narodni Open 2019"]
[Site "?"]
[Date "2019.10.30"]
[Round "6.2"]
[White "Holasek, Vit"]
[Black "Mach, Petr"]
[Result "1-0"]
[WhiteElo "1779"]
[BlackElo "1667"]
[PlyCount "155"]
[SourceVersionDate "2019.10.30"]

1. e4 c6 2. Nf3 d5 3. exd5 cxd5 4. d4 Nf6 5. Bd3 g6 6. O-O Bg7 7. c3 O-O 8. Re1
Nc6 9. Bg5 Bd7 10. Nbd2 a6 11. Qe2 Re8 12. Nf1 Na7 13. Qd2 Bb5 14. Bc2 Nc8 15.
Ng3 Nd6 16. b3 Rc8 17. Rac1 Qa5 18. Bb1 Bc6 19. Ne5 b5 20. h4 h5 21. Bh6 Ng4
22. Nxg4 hxg4 23. h5 Ne4 24. Nxe4 dxe4 25. hxg6 fxg6 26. Qg5 Bxh6 27. Qxh6 Kf7
28. Qf4+ Kg7 29. d5 e5 30. Qxg4 Bxd5 31. Re3 Qa3 32. Rce1 Qb2 33. Qd7+ Bf7 34.
Rxe4 Rxc3 35. R4e2 Qa3 36. Qd2 Qc5 37. Qg5 Qd4 38. Be4 Qc5 39. Rd1 Qe7 40. Qd2
Qc7 41. Qg5 Qe7 42. Qxe7 Rxe7 43. Rd6 Ra7 44. Bf3 Rc5 45. Kh2 a5 46. Rb6 b4 47.
Kg3 Rac7 48. Be4 Rd7 49. Kg4 Bd5 50. Rxg6+ Kf7 51. Bf5 Re7 52. f3 Bc6 53. Rd2
Rd5 54. Rxd5 Bxd5 55. Rh6 a4 56. Rh7+ Kf6 57. Rxe7 Kxe7 58. Bc2 Kf6 59. Kg3 Kg5
60. Kf2 Be6 61. g3 Bd5 62. Ke3 Kf6 63. f4 axb3 64. axb3 exf4+ 65. gxf4 Ke6 66.
Kd4 Kd6 67. Bd1 Be6 68. Ke4 Bd5+ 69. Kf5 Be6+ 70. Kf6 Bd5 71. f5 Be4 72. Bh5
Bc2 73. Bf7 Be4 74. Be6 Bc2 75. Kg7 Bxf5 76. Bxf5 Ke5 77. Kg6 Kd4 78. Be6 1-0

[Event "Mistrovstvi Cech 2019 - HD12"]
[Site "Prichovice u Korenova"]
[Date "2019.10.30"]
[Round "6"]
[White "Zelba, Lukas"]
[Black "Day, Tobias"]
[Result "1/2-1/2"]
[WhiteElo "1610"]
[BlackElo "1807"]
[EventDate "2019.10.26"]

1. Nf3  Nf6  2. d4  d5
3. Bf4  g6  4. e3
Bg7  5. Be2  c6
6. Nbd2  Bg4  7. h3  Bxf3
8. Bxf3  Nbd7  9. c3
Qb6  10. Qb3  O-O-O
11. c4  dxc4  12. Qxc4
e6  13. O-O Nd5 14. Bxd5 exd5 15. Qa4 Nf8 16. b4
Ne6 17. Bg3 Bf8 18. Rab1 a6 19. Rfc1 Nc7 20. Bxc7 Kxc7 21. b5 axb5 22. Rxb5 Qa6
23. Qxa6 bxa6 24. Rb3 Rc8 25. Rcb1 Kd7 26. Rb6 a5 27. Nb3 Bb4 28. a3 Bxa3 29.
Nxa5 Rc7 30. Ra6 Bd6 31. g3 1/2-1/2

[Event "Mistrovstvi Cech 2019 - HD12"]
[Site "Prichovice u Korenova"]
[Date "2019.10.30"]
[Round "6"]
[White "Sedmihradsky, Tomas"]
[Black "Veverka, Vladimir"]
[Result "1/2-1/2"]
[WhiteElo "1028"]
[BlackElo "1513"]
[EventDate "2019.10.26"]

1. e4  c6  2. d4  d5
3. Nc3  Nf6  4. e5
Nfd7  5. f4  e6
6. a3  c5  7. Nf3  Nc6
8. Be3  a6  9. g3
cxd4  10. Bxd4  Nxd4
11. Nxd4  Bc5  12. b4
Bxd4  13. Qxd4  b5
14. Bg2  Qb6  15. Ne2
O-O  16. Qd3  Bb7
17. Nd4  Qc7  18. h4
Nb6  19. h5  Rac8
20. Ra2  Qc3+  21. Kd1
Na4  22. Ke2  Qxd3+
23. Kxd3  Rc3+  24. Kd2
Rxg3  25. Bf3  Rc8
26. Raa1  g5  27. Rag1
gxf4  28. Rxg3+  fxg3
29. Rg1  Nb6  30. Rxg3+
Kf8  31. Be2  Nc4+
32. Bxc4  dxc4  33. h6
Be4  34. c3  Bg6
35. Rf3  Ke7  36. Ke3
Kd7  37. Ne2  Bh5
38. Rf4  Bxe2  39. Kxe2
Ke7  40. Kd2  Rg8
41. Ke3  Rg3+  42. Kd2
Rg5  43. Re4  Rh5
44. Ke3  Rxh6  45. Kd4
Rh3  46. Re1  Rd3+
47. Kc5  Rxc3  48. Ra1
Re3  49. Kb6  Rxe5
50. Kxa6  Rd5  51. a4
bxa4  52. b5  Kd7
53. Rxa4  Kc7  54. Rxc4+
Kb8  55. Rh4  Rd6+
56. b6  Rd8  57. Rxh7
Rf8  58. b7  f5
59. Re7  f4  60. Rxe6  f3
61. Re1  Rf6+  62. Kb5
Kxb7  63. Kc4  1/2-1/2

[Event "Mistrovstvi Cech 2019 - HD12"]
[Site "Prichovice u Korenova"]
[Date "2019.10.30"]
[Round "6"]
[White "Soucek, Jan"]
[Black "Hrbek, Jachym"]
[Result "1-0"]
[WhiteElo "1705"]
[BlackElo "1296"]
[EventDate "2019.10.26"]

1. e4  c5  2. Nf3  Nc6
3. d4  cxd4  4. Nxd4
e5  5. Nb5  d6
6. N1c3  a6  7. Na3  b5
8. Nd5  Nf6  9. Bg5
Be7  10. Bxf6  Bxf6
11. Be2  O-O  12. c3
Rb8  13. Nc2  Be6
14. Qd3  Bxd5  15. Qxd5
Ne7  16. Qd3  d5
17. Rd1  dxe4  18. Qxe4
Qb6  19. Bf3  Ng6
20. O-O  Rfd8  21. g3
Be7  22. Ne3  Bd6
23. Nd5  Qc5  24. Rd2
Ne7  25. Rfd1  Nxd5
26. Rxd5  Qb6  27. R1d3
Bc7  28. Rxd8+  Rxd8
29. Rxd8+  Bxd8  30. Qxe5
Kf8  31. Qd5  Qe6
32. Qc5+  Qe7  33. Qc6
Qe6  34. Qa8  Qb6
35. Qc8  Ke7  36. Bc6
Kf6  37. Qd7  Be7
38. h4  Bc5  39. Kg2
Bxf2  40. Qd6+  Kf5
41. Bd7+  Ke4  42. Qf4+
Kd5  43. Qxf2  1-0

[Event "Mistrovstvi Cech 2019 - HD12"]
[Site "Prichovice u Korenova"]
[Date "2019.10.30"]
[Round "6"]
[White "Janouskova, Adela"]
[Black "Dudkova, Josefina"]
[Result "1/2-1/2"]
[WhiteElo "1257"]
[BlackElo "1432"]
[EventDate "2019.10.26"]

1. e4  c5  2. c3  d5
3. exd5  Qxd5  4. d4
e6  5. Nf3  Nf6
6. Be2  Be7  7. O-O  O-O
8. h3  Nc6  9. Bf4
b6  10. Re1  Bb7
11. dxc5  Qxd1  12. Rxd1
Bxc5  13. Nbd2  Rfd8
14. Nb3  Be7  15. Bh2
h6  16. Nbd4  Nxd4
17. Nxd4  Bc5  18. Nb3
Be7  19. Nd4  Bc5
20. Nb3  Be7  21. Nd4
1/2-1/2

[Event "Mistrovstvi Cech 2019 - HD12"]
[Site "Prichovice u Korenova"]
[Date "2019.10.30"]
[Round "6"]
[White "Barta, David"]
[Black "Popov, Roman"]
[Result "1-0"]
[WhiteElo "1478"]
[BlackElo "1461"]
[EventDate "2019.10.26"]

1. d4  Nf6  2. Nf3  c5
3. c3  b5  4. g3
Bb7  5. Bg2  e6
6. O-O  Be7  7. a4  b4 8. cxb4
cxd4  9. b5  O-O
10. Qxd4  d5  11. Bf4
Nbd7  12. Rc1  Bc5
13. Rxc5  Nxc5  14. Qxc5
Ne4  15. Qd4  Qe7
16. Nbd2  Nxd2  17. Nxd2
f6  18. Qd3  e5
19. Bxd5+  Bxd5  20. Qxd5+  Kh8
21. Be3  Rfd8  22. Qb3
Qb7  23. Nc4  Qc7
24. Qc3  Rdc8  25. Rc1
Qd7  26. b4  Qe6
27. Bc5  Rc7  28. a5
Rac8  29. b6  axb6
30. Nxb6  Rb8  31. Qc4
Qe8  32. Nd5  Rd7
33. a6  Rbd8  34. e4
1-0

[Event "Mistrovstvi Cech 2019 - HD12"]
[Site "Prichovice u Korenova"]
[Date "2019.10.30"]
[Round "6"]
[White "Tesar, Jakub"]
[Black "Vana, Jan"]
[Result "0-1"]
[WhiteElo "1626"]
[BlackElo "1268"]
[EventDate "2019.10.26"]

1. e4  d5  2. exd5  Qxd5
3. Nc3  Qa5  4. d4
c6  5. Nf3  Bg4
6. Bc4  Nf6  7. O-O  e6
8. h3  Bh5  9. Re1
Nbd7  10. Bf4  h6
11. Qe2  O-O-O 12. a3 Qf5  13.
Qe3  Qh7  14. b4  g5
15. Bg3  Nb6  16. Qe5
Bd6  17. Bxe6+  Kb8
18. Qxf6  fxe6  19. Bxd6+
Rxd6  20. Ne4  Nd7
21. Qxh8+  Qxh8  22. Nxd6
Bxf3 23. gxf3 Qxd4  24. Rxe6
Qxa1+  25. Kg2  a6 0-1

[Event "Mistrovstvi Cech 2019 - HD12"]
[Site "Prichovice u Korenova"]
[Date "2019.10.30"]
[Round "6"]
[White "Levitner, Matej"]
[Black "Svoboda, Daniel"]
[Result "1-0"]
[WhiteElo "1347"]
[BlackElo "1462"]
[EventDate "2019.10.26"]

1. e4  c5  2. c3  Nf6
3. d3  d6  4. Nf3
g6  5. Nbd2  Bg7
6. Qc2  Nc6  7. b3
O-O  8. Bb2  Rb8
9. Be2  Bd7  10. O-O
a6  11. d4  cxd4
12. cxd4  Rc8  13. Qd1
e6  14. Ba3  Ne8
15. Nc4  Qc7  16. e5
b5  17. Nxd6  Ra8
18. Nxb5  axb5  19. Bxf8
Bxf8  20. Bxb5  Nxe5
21. Bxd7  Nxd7  22. Qd2
Nd6  23. a4  Nf5
24. Rfb1  Bh6  25. Qd3
Rc8  26. a5  Qa7
27. b4  Nf6  28. b5
Nd5  29. b6  Qb8
30. b7  Rc3  31. Qe2
Bg7  32. a6  Nf4
33. Qd2  Rxf3  34. gxf3
Bxd4  35. Qxf4  Be5
36. Qxe5  1-0

[Event "Mistrovstvi Cech 2019 - HD12"]
[Site "Prichovice u Korenova"]
[Date "2019.10.30"]
[Round "6"]
[White "Roubal, Matyas"]
[Black "Belaska, Vaclav"]
[Result "1-0"]
[WhiteElo "1256"]
[BlackElo "1339"]
[EventDate "2019.10.26"]
[PlyCount "121"]

1. e4 d5 2. exd5 Nf6 3. d4 Nxd5 4. c4 Nb6 5. Nc3 Nc6 6. Be3 Bf5 7. Nf3 e6 8.
Be2 Bb4 9. Qd2 Bxc3 10. Qxc3 O-O 11. O-O a5 12. a3 a4 13. Rad1 Qf6 14. Bg5 Qg6
15. Rfe1 h6 16. Bf4 Rac8 17. Nh4 Qf6 18. Nxf5 Qxf5 19. Bg3 Rfd8 20. Bf3 Rd7 21.
Bxc6 bxc6 22. Re5 Qf6 23. Rc5 Rcd8 24. Be5 Qg5 25. h3 f6 26. Bxc7 Qxc5 27. dxc5
Rxd1+ 28. Kh2 R8d3 29. Qb4 Nd7 30. Qxa4 Nxc5 31. Qxc6 Nb3 32. Qxe6+ Kh7 33.
Qe4+ Kg8 34. Qe8+ Kh7 35. Qe4+ Kg8 36. Qe8+ Kh7 37. Qb5 Nd2 38. Qf5+ Kg8 39.
Qxd3 Nf1+ 40. Qxf1 Rxf1 41. b4 Ra1 42. b5 Rxa3 43. b6 Rb3 44. c5 Kf7 45. c6 Ke7
46. b7 Ke8 47. b8=Q+ Rxb8 48. Bxb8 Kd8 49. c7+ Kc8 50. Kg3 g6 51. Kf4 Kb7 52.
Ke4 Kc8 53. Kd5 Kd7 54. Kc5 Kc8 55. Kd6 f5 56. f4 g5 57. g3 gxf4 58. gxf4 h5
59. h4 Kb7 60. Kd7 Ka8 61. Kd8 1-0

[Event "Mistrovstvi Cech 2019 - HD12"]
[Site "Prichovice u Korenova"]
[Date "2019.10.30"]
[Round "6"]
[White "Vysinsky, Otakar"]
[Black "Veverkova, Dorota"]
[Result "1-0"]
[WhiteElo "1422"]
[BlackElo "1222"]
[PlyCount "75"]
[EventDate "2019.10.26"]

1. e4 c6 2. c4 d5 3. cxd5 cxd5 4. exd5 Nf6 5. Bb5+ Nbd7 6. Bc4 Nb6 7. d3 Nbxd5
8. Nf3 Bf5 9. O-O e6 10. Bg5 Be7 11. Bxf6 Nxf6 12. Qa4+ Nd7 13. Ne5 a6 14. Nxd7
Qxd7 15. Qc2 O-O 16. Rd1 Qc7 17. Qd2 Bd6 18. h3 Qe7 19. Nc3 Qf6 20. Ne4 Qe7 21.
Nxd6 Qxd6 22. d4 Rac8 23. Rac1 e5 24. Qe3 exd4 25. Rxd4 Qg6 26. Rcd1 Rfe8 27.
Qb3 Rf8 28. Bd3 Bxd3 29. R4xd3 Qc6 30. Rc3 Qb5 31. Rxc8 Rxc8 32. Qxb5 axb5 33.
Rd5 g6 34. Rxb5 Rc1+ 35. Kh2 Ra1 36. a3 Rf1 37. f3 Rb1 38. Rxb7 1-0

[Event "Mistrovstvi Cech 2019 - HD12"]
[Site "Prichovice u Korenova"]
[Date "2019.10.30"]
[Round "6"]
[White "Cinkova, Vicky"]
[Black "Marsik, Ondrej"]
[Result "0-1"]
[WhiteElo "1207"]
[BlackElo "1304"]
[PlyCount "104"]
[EventDate "2019.10.26"]

1. e4 e5 2. Nf3 Nf6 3. Nxe5 d6 4. Nf3 Nxe4 5. Nc3 Qe7 6. Be2 Nc6 7. h3 Nf6 8.
d4 d5 9. Bg5 Bf5 10. Nxd5 Qd6 11. Nc3 O-O-O 12. O-O Qb4 13. Bd3 Bxd3 14. Qxd3
Nxd4 15. Nxd4 Qxd4 16. Qf5+ Kb8 17. Rad1 Be7 18. Rxd4 Rxd4 19. Qe5 Rd7 20. Rd1
Bd6 21. Qb5 c6 22. Qf5 Rhd8 23. a3 h6 24. Bxf6 gxf6 25. Qxf6 Kc7 26. Rd3 h5 27.
Ne4 Be7 28. Rxd7+ Rxd7 29. Qe5+ Kc8 30. Nc5 Rd8 31. Kh2 Bd6 32. Qxd6 Rxd6 33.
g4 hxg4 34. hxg4 Kc7 35. Kg3 Rd2 36. f4 Rxc2 37. b4 b6 38. Ne4 Kd7 39. Kh4 Ke7
40. Kg5 c5 41. f5 c4 42. Kh6 Kf8 43. Kh5 c3 44. Kg5 Rc1 45. Nxc3 Rxc3 46. f6
Rf3 47. a4 a6 48. Kh6 Rxf6+ 49. Kh7 Rf4 50. g5 Rxb4 51. g6 fxg6 52. Kh8 Rh4#
0-1